02264cam a2200433 a 450000100090000000300090000900500170001800800410003502000180007602000150009404000390010908200190014810000500016724500960021724600500031326400530036326400100041630000500042633600260047633700280050233800270053050000210055750000250057865000710060365000720067465000590074665100100080565300280081565500240084394200260086799900170089395201320091095201320104295201120117495201360128695201360142295201360155895201360169414770513EG-ScBUE20220612101042.0070315t2006 mauao f 001 0 eng d a9781413022452 a1413022456 aDLCbengerdacDLCdDLCdEDG-ScBUE04a428.2222bHER1 aHerzfeld-Pipkin, Nancy,d1951-eauthor.9282210aDestinations 2 :bgrammar for academic success /cNancy Herzfeld-Pipkin, Grossmont College.3 aDestination twobgrammar for academic success 1aBoston, Massachusetts :bThomson Heinle,c[2006] 4cc2006 aix, 273 pages :bphotographs, tables ;c28 cm 2rdacontentatextbtxt 2rdamediaaunmediatedbn 2rdacarrieravolumebnc aIncludes index.  aIncludes appendixes. 7aEnglish languagexGrammarvProblems, exercises, etc.9138902BUEsh 7aEnglish languagexSentencesvProblems, exercises, etc.992552BUEsh 7aReport writingvProblems, exercises, etc.972412BUEsh 2BUEsh cSeptember2014bHHUUEENN vReading book934232 2ddccBBk428.2 HER TR c10319d10319 00102ddc4070aMAINbMAINc2NDd2008-12-01ePurchasel0o428.2 HER TRp000013967r2025-07-15 00:00:00yTRzFor teachers only. 00102ddc4070aMAINbMAINc2NDd2008-12-01ePurchasel0o428.2 HER TRp000013968r2025-07-15 00:00:00yTRzFor teachers only. 00102ddc4070aMAINbMAINc2NDd2008-12-01ePurchasel0o428.2 HER TRp000015012r2025-07-15 00:00:00yTR 00102ddc40708BaccahaMAINbMAINc2NDd2014-09-22ePurchaseg120.00l0o428.2 HER TRp000036280r2025-07-15 00:00:00v150.00yTR 00102ddc40708BaccahaMAINbMAINc2NDd2014-09-22ePurchaseg120.00l0o428.2 HER TRp000036281r2025-07-15 00:00:00v150.00yTR 00102ddc40708BaccahaMAINbMAINc2NDd2014-09-22ePurchaseg120.00l0o428.2 HER TRp000036282r2025-07-15 00:00:00v150.00yTR 00102ddc40708BaccahaMAINbMAINc2NDd2014-09-22ePurchaseg120.00l0o428.2 HER TRp000036283r2025-07-15 00:00:00v150.00yTR